000 00779nas a2200277 4500
001 BR9508928
003 BR-BrBNA
005 20231205095517.0
007 ta
008 230509b bl.|||p| |||| 00| 00por d
040 _aBR-BrBNA
_bpor
_cBiblioteca Nacional de Agricultura
041 _a(Pt)
072 _aF60
100 1 _aNahas, E.
100 1 _aFornasieri, D.J.
100 1 _aAssis, L.C.
245 1 _aResposta a inoculacao de fungo solubilizador de fosforo em milho
650 _aMilho
650 _aFosforo
650 _aInoculacao
650 _aFungo
650 _aAnalise Quimica
773 0 _tScientia Agricola (Brazil)
_xISSN 0103-9016
_g(Sep-Dec 1994), v. 51(3) p. 463-469
_wBR9508928
909 _a202311
_bLúcia
_c55
_dLúcia Elande
942 _2AGRIS
_n0
_cANA
999 _c151124
_d151124